000 00544cam a22001451 4500
082 0 0 _a972.91
_bABE
_cL-28. P-79
100 1 _aAbel, Elie.
_946593
245 1 4 _aThe missiles of October:
_bthe story of the Cuban missile crisis, 1962.
260 _aLondon,
_bMacGibbon & Kee,
_c1966.
300 _a204 p.
_b8 plates (incl. facsim.)
_c20 1/2 cm.
500 _aOriginally published as The missle crisis. Philadelphia, Lippincott, 1966.
526 _a0
_b0
_c0
_d972_910000000000000_ABE
650 0 _aCuban Missile Crisis, 1962.
_946594
942 _2ddc
_cBK
999 _c549894
_d549894